Цар Соловей. (Запис № 17527)

000 -Маркер запису
Контрольне поле сталої довжини 02181nam a22002777a 4500
003 - Належність контрольного номера
Контрольне поле Uzh_bibl
008 - Кодовані дані
Контрольне поле сталої довжини 240829b |||||||| |||| 00| 0 ukr d
020 ## - Індекс ISBN
ISBN 978-966-1615-43-3
Ціна 54.61
040 ## - Джерело каталогіз.
Код мови каталог. укр.
041 ## - Код мови видання
Код мови оригіналу українська
Код мови тексту українська
080 ## - Індекс УДК
Індекс УДК 821.161.2
090 ## - Шифри
Поличний індекс 821.161.2
Авторський знак Ц 18
100 ## - Автор
Автор -
245 ## - Назва
Назва Цар Соловей.
Продовж. назви Літературні казки українських письменників.
Відповідальність Упоряд. П. Ф.Бондарчук;
Фізичний носій Текст
260 ## - Вихідні дані
Місце видання Донецьк
Видавництво Державне видавництво "Донбас"
Дата видання 2011
300 ## - Фізичний опис
Обсяг 384 с.
Ілл./тип відтвор. Іл.
Тип одиниці В опр.
490 ## - Серія
№ тому Том 1
520 ## - Анотація
Анотація До збірки ввійшли кращі літературні казки (у віршах і прозові) українських письменників минулих часів, серед яких: Петро Гулак-Артемовський, ЛеонідГлібов, Марко Вовчок Степан Руданський, Іван Нечуй-Левицький, Панас Мирний, Іван Франко, Леся Українка та іншікласики української літратури.<br/>Твори навчать дітей любові до рідного краю, рідної мови, добру та справедливості.
521 ## - Примітка про цільове призначення
Примітка про цільове призначення Для дітей середнього та старшого шкільного віку.
546 ## - Примітка про мову
Примітка про мову укр.
650 ## - Тематичні рубрики
Основна рубрика Літературно-художнє видання
653 ## - Ключові слова
Ключові слова Гулак-Артемовський П.
-- Л. Глібов
-- С. Руданський
-- Ю. Федькович
-- І.Нечуй-Левицький
-- П. Мирний
-- Л. Українка
-- М. Черемшина
-- С. Васильченко
655 ## - Термін індексування — жанр/форма
Жанр/форма Збірка
Типове ділення Казки
700 ## - Інші автори
Інші автори Петро Гулак-Артемовський; ЛеонідГлібов; Марко Вовчок; Степан Руданський; Іван Нечуй-Левицький; Панас Мирний; Іван Франко; Леся Українка; Марко Черемшина; Степан Васильченко.
942 ## - ADDED ENTRY ELEMENTS (KOHA)
Джерело класифікації чи схема поличного розташування
Koha item type Книги
Фонди
Статус вилучення Статус втрати/відсутності Джерело класифікації чи схема поличного розташування Статус пошкодження Тип обігу (не для випозичання) Постійне розташування Поточне розташування Розташування у відділі Дата надходження Інвентарний номер Total Checkouts Повний (примірниковий) шифр зберігання Штрих-код Date last seen Дата, для якої чинна ціна заміни Тип одиниці (рівень примірника)
          Бібліотека-філія № 1 для дітей Бібліотека-філія № 1 для дітей Читальна зала старший відділ 27/04/2026 61227   821.161.2 16617 27/04/2026 27/04/2026 Книги

Працює на АБІС Коха